MARC details
| 000 -CABECERA |
| campo de control de longitud fija |
00863cam a22002531 4500 |
| 001 - NÚMERO DE CONTROL |
| campo de control |
000009846 |
| 005 - FECHA Y HORA DE LA ÚLTIMA TRANSACCIÓN |
| campo de control |
20200929161729.0 |
| 008 - DATOS DE LONGITUD FIJA--INFORMACIÓN GENERAL |
| campo de control de longitud fija |
750106s1962 nyuac b 000 0 eng |
| 010 ## - NÚMERO DE CONTROL DE LA BIBLIOTECA DEL CONGRESO |
| Número de control de LC |
64003342 |
| 035 ## - NÚMERO DE CONTROL DEL SISTEMA |
| Número de control de sistema |
(OCoLC)1131647 |
| 040 ## - FUENTE DE LA CATALOGACIÓN |
| Centro catalogador/agencia de origen |
DO-SdBNP |
| Centro/agencia transcriptor |
OCanM |
| Centro/agencia modificador |
OCoLC |
| -- |
DLC |
| 050 00 - SIGNATURA TOPOGRÁFICA DE LA BIBLIOTECA DEL CONGRESO |
| Número de clasificación |
E169.1 |
| Número de documento/Ítem |
.S7677 |
| 100 1# - ENTRADA PRINCIPAL--NOMBRE DE PERSONA |
| Nombre de persona |
Stanton, Frank, |
| Fechas asociadas al nombre |
1908-2006. |
| 9 (RLIN) |
24764 |
| 245 10 - MENCIÓN DE TÍTULO |
| Título |
Mass media and mass culture. |
| 260 ## - PUBLICACIÓN, DISTRIBUCIÓN, ETC. |
| Lugar de publicación, distribución, etc. |
[New York, : |
| Nombre del editor, distribuidor, etc. |
Columbia Broadcasting System, |
| Fecha de publicación, distribución, etc. |
1962?]. |
| 300 ## - DESCRIPCIÓN FÍSICA |
| Extensión |
46, [5] p. : |
| Otras características físicas |
illus., ports. ; |
| Dimensiones |
24 cm. |
| 440 #0 - MENCIÓN DE SERIE/PUNTO DE ACCESO ADICIONAL--TÍTULO |
| Título |
Great issues lecture, |
| Designación de volumen o secuencia |
1962 |
| 9 (RLIN) |
24765 |
| 500 ## - NOTA GENERAL |
| Nota general |
"[Lecture] at the Hopkins Center, Dartmouth College, November 26, 1962." |
| 504 ## - NOTA DE BIBLIOGRAFÍA, ETC. |
| Nota de bibliografía, etc. |
Bibliography: p. [48]-[50] |
| 650 #0 - PUNTO DE ACCESO ADICIONAL DE MATERIA--TÉRMINO DE MATERIA |
| Término de materia o nombre geográfico como elemento de entrada |
Popular culture |
| Subdivisión geográfica |
United States. |
| 9 (RLIN) |
24766 |
| 650 #0 - PUNTO DE ACCESO ADICIONAL DE MATERIA--TÉRMINO DE MATERIA |
| Término de materia o nombre geográfico como elemento de entrada |
Communication |
| Subdivisión geográfica |
United States. |
| 9 (RLIN) |
24767 |
| 910 ## - DATOS DE OPCIÓN DEL USUARIO (OCLC) |
| Datos de opción del usuario |
Catalogación por copia / LC |
| 910 ## - DATOS DE OPCIÓN DEL USUARIO (OCLC) |
| Datos de opción del usuario |
DC |